Language Quiz

Random Language or Letter Quiz

2 Words, Same 6 Letters II Quiz Stats

 Plays Quiz Updated Mar 24, 2020

Support Sporcle.
Go Orange.
Score 0/44 Timer 10:00
1 Play Today
6-Letter Word Anagram % Correct
dawdlewaddle
89.6%
latterrattle
78%
daggerragged
77%
defrayfrayed
74%
trocarcarrot
74%
markerremark
65.2%
solverlovers
63.5%
exceptexpect
63.5%
selvesvessel
62.7%
potionoption
62%
earthyhearty
61.6%
fringefinger
59.3%
lovelyvolley
56.1%
garnerranger
53.6%
astutestatue
51.3%
decreerecede
49.6%
caveatvacate
49.2%
blowerbowler
48.3%
aboardabroad
45%
medusaamused
44.1%
truthsthrust
41.5%
hatterthreat
40.6%
6-Letter Word Anagram % Correct
fidgetgifted
40.4%
seabeddebase
36.8%
adhereheader
31.7%
clericcircle
31.1%
stuporsprout
27.3%
batmanbantam
27.1%
alumnamanual
26.7%
rapierrepair
25.1%
sorbetstrobe
24.7%
modelsseldom
22.4%
anointnation
21.4%
sleuthhustle
18.7%
apronsparson
17.6%
allurelaurel
17.4%
impureumpire
16.9%
upcastcatsup
15.6%
ribaldbridal
14.1%
untidynudity
13.1%
armpitimpart
11.8%
inroadordain
9%
sunlitinsult
8.7%
portalpatrol
8.4%

From the Vault

NFL Franchise Yards Leaders

by cdhmiamifan13

Sports 13m
For those of you upset about the lockout, here's a quiz to remind you of the good old days.
Remove Ads.
Support Sporcle.
Get the best of Sporcle when you Go Orange. This ad-free experience offers more features, more stats, and more fun while also helping to support Sporcle. Thank you for becoming a member.

Show Comments

Extras

Top Quizzes Today


Score Distribution

Your Account Isn't Verified!

In order to create a playlist on Sporcle, you need to verify the email address you used during registration. Go to your Sporcle Settings to finish the process.

Report this User

Report this user for behavior that violates our Community Guidelines.

Details: